000 00579nam a2200157 a 4500
008 110901s1956 ||||||||||||||||| || u
050 _aRC 815 Col
100 _aColby, Robert A
245 1 0 _aColor atlas of oral pathology
_cby Robert A. Colby
260 _aPhiladelphia:
_bJ. B. Lippincott Company
_c1956
300 _axiv, 188p.: ill
350 _a0.00
650 _aPATHOLOGY, ORAL--ATLASES
650 0 _aPATHOLOGY
995 _aREFERENCE BOOKS
_D0.00
_e900747
_FCBU-SCHOOL OF MEDICINE LIBRARY (Ndola)
_H1
_I0.00
_jRC 815 COL
_M1
_UREFERENCE
_WDec 1, 2011
_y900747
_ZReference Collection
999 _c31073
_d31073